Statistics for US States Ranked by Immigration

Click here to take the quiz!

General Stats

  • This quiz has been taken 73 times
  • The average score is 38 of 50

Answer Stats

Rank% Change 2010-2020Answer% Correct
246.13%California
96%
315.91%Texas
90%
363.26%Alaska
87%
324.25%New York
87%
382.83%New Mexico
85%
714.58%Washington
83%
814.56%Florida
81%
236.98%Hawaii
81%
178.90%Tennessee
81%
275.12%Alabama
79%
911.88%Arizona
79%
422.56%Maine
79%
49-0.20%Mississippi
79%
1110.60%Oregon
79%
50-3.20%West Virginia
79%
353.28%Arkansas
77%
304.65%Indiana
77%
333.84%Kentucky
77%
207.40%Nebraska
77%
514.96%Nevada
77%
159.48%North Carolina
77%
118.37%Utah
77%
442.35%Wyoming
77%
614.80%Colorado
75%
452.28%Ohio
75%
1010.66%South Carolina
75%
187.88%Virginia
75%
343.64%Wisconsin
75%
1210.57%Georgia
73%
48-0.14%Illinois
73%
284.73%Iowa
73%
372.97%Kansas
73%
461.96%Michigan
73%
149.58%Montana
73%
415.83%North Dakota
73%
168.90%South Dakota
73%
392.77%Vermont
73%
217.32%Idaho
71%
294.66%New Hampshire
71%
255.65%New Jersey
71%
1310.25%Delaware
69%
226.99%Maryland
69%
402.77%Missouri
69%
265.54%Oklahoma
69%
314.26%Rhode Island
69%
412.74%Louisiana
67%
470.89%Connecticut
65%
197.59%Minnesota
65%
432.36%Pennsylvania
65%
217.37%Massachusetts
62%

Score Distribution

Percentile by Number Answered

Percent of People with Each Score

Your Score History

You have not taken this quiz